<?xml version="1.0" encoding="UTF-8"?>
<record
    xmlns:xsi="http://www.w3.org/2001/XMLSchema-instance"
    xsi:schemaLocation="http://www.loc.gov/MARC21/slim http://www.loc.gov/standards/marcxml/schema/MARC21slim.xsd"
    xmlns="http://www.loc.gov/MARC21/slim">

  <leader>01092nam a2200277 a 4500</leader>
  <controlfield tag="001">BRL_433</controlfield>
  <controlfield tag="005">20190320210735.0</controlfield>
  <controlfield tag="008">120813s2007----mx-a######---#000-0#spa-#</controlfield>
  <datafield tag="020" ind1=" " ind2=" ">
    <subfield code="a">9680302466</subfield>
  </datafield>
  <datafield tag="020" ind1=" " ind2=" ">
    <subfield code="a">9789680302468</subfield>
  </datafield>
  <datafield tag="041" ind1=" " ind2=" ">
    <subfield code="a">spa</subfield>
  </datafield>
  <datafield tag="044" ind1=" " ind2=" ">
    <subfield code="a">mx</subfield>
  </datafield>
  <datafield tag="050" ind1=" " ind2="4">
    <subfield code="a">GN325</subfield>
    <subfield code="b">.E86 2007</subfield>
  </datafield>
  <datafield tag="245" ind1="1" ind2="0">
    <subfield code="a">Etnograf&#xED;a de los confines</subfield>
    <subfield code="b">andanzas de Anne Chapman</subfield>
    <subfield code="c">Andr&#xE9;s Medina y &#xC1;ngela Ochoa, coordinadores.</subfield>
  </datafield>
  <datafield tag="260" ind1=" " ind2=" ">
    <subfield code="a">M&#xE9;xico</subfield>
    <subfield code="b">INAH : Centro de Estudios Mexicanos y Centroamericanos : UNAM, Instituto de Investigaciones Antropol&#xF3;gicas</subfield>
    <subfield code="c">2007</subfield>
  </datafield>
  <datafield tag="300" ind1=" " ind2=" ">
    <subfield code="a">300 p.</subfield>
    <subfield code="b">il.</subfield>
    <subfield code="c">26 cm.</subfield>
  </datafield>
  <datafield tag="440" ind1=" " ind2="0">
    <subfield code="a">Colecci&#xF3;n Cient&#xED;fica</subfield>
    <subfield code="v">514. Serie Antropolog&#xED;a</subfield>
    <subfield code="9">470</subfield>
  </datafield>
  <datafield tag="504" ind1=" " ind2=" ">
    <subfield code="a">Incluye referencias bibliogr&#xE1;ficas</subfield>
  </datafield>
  <datafield tag="504" ind1=" " ind2=" ">
    <subfield code="a">Bibliograf&#xED;a de Anne Chapman : p. 295-300</subfield>
  </datafield>
  <datafield tag="600" ind1="1" ind2="4">
    <subfield code="a">Chapman, Anne MacKaye</subfield>
    <subfield code="d">1922-2010</subfield>
    <subfield code="9">23898</subfield>
  </datafield>
  <datafield tag="650" ind1="1" ind2="4">
    <subfield code="a">Etnograf&#xED;a</subfield>
    <subfield code="x">Alocuciones, ensayos, conferencias</subfield>
    <subfield code="9">23899</subfield>
  </datafield>
  <datafield tag="650" ind1="1" ind2="4">
    <subfield code="a">Antropolog&#xED;a simb&#xF3;lica</subfield>
    <subfield code="x">Alocuciones, ensayos, conferencias</subfield>
    <subfield code="9">23900</subfield>
  </datafield>
  <datafield tag="700" ind1="1" ind2=" ">
    <subfield code="a">Medina, Andr&#xE9;s</subfield>
    <subfield code="d">1938-</subfield>
    <subfield code="e">coord.</subfield>
    <subfield code="9">23901</subfield>
  </datafield>
  <datafield tag="700" ind1="1" ind2=" ">
    <subfield code="a">Ochoa, &#xC1;ngela</subfield>
    <subfield code="e">coord.</subfield>
    <subfield code="9">23902</subfield>
  </datafield>
  <datafield tag="942" ind1=" " ind2=" ">
    <subfield code="2">lcc</subfield>
    <subfield code="c">B</subfield>
  </datafield>
  <datafield tag="999" ind1=" " ind2=" ">
    <subfield code="c">9245</subfield>
    <subfield code="d">9245</subfield>
  </datafield>
  <datafield tag="952" ind1=" " ind2=" ">
    <subfield code="0">0</subfield>
    <subfield code="1">0</subfield>
    <subfield code="4">0</subfield>
    <subfield code="7">0</subfield>
    <subfield code="a">BRL</subfield>
    <subfield code="b">BRL</subfield>
    <subfield code="d">2013-08-12</subfield>
    <subfield code="l">0</subfield>
    <subfield code="o">GN325 .E86 2007</subfield>
    <subfield code="p">00006</subfield>
    <subfield code="r">2019-03-22 00:00:00</subfield>
    <subfield code="w">2019-03-22</subfield>
    <subfield code="y">B</subfield>
  </datafield>
</record>
